Learning Resource and Development

AP Environmental science 2023 / (Record no. 28424)

MARC details
000 -LEADER
fixed length control field 02775cam a2200505 i 4500
001 - CONTROL NUMBER
control field 23114467
003 - CONTROL NUMBER IDENTIFIER
control field CSPC
005 - DATE AND TIME OF LATEST TRANSACTION
control field 20251126145718.0
008 - FIXED-LENGTH DATA ELEMENTS--GENERAL INFORMATION
fixed length control field 230504t20222022nyua 000 0 eng d
010 ## - LIBRARY OF CONGRESS CONTROL NUMBER
LC control number 2022304124
015 ## - NATIONAL BIBLIOGRAPHY NUMBER
National bibliography number GBC2C6568
Source bnb
016 7# - NATIONAL BIBLIOGRAPHIC AGENCY CONTROL NUMBER
Record control number 020683020
Source Uk
020 ## - INTERNATIONAL STANDARD BOOK NUMBER
International Standard Book Number 9781264454242
Qualifying information (Cross-Platform Prep Course only)
020 ## - INTERNATIONAL STANDARD BOOK NUMBER
International Standard Book Number 1264454244
Qualifying information (Cross-Platform Prep Course only)
020 ## - INTERNATIONAL STANDARD BOOK NUMBER
Canceled/invalid ISBN 9781264455133
Qualifying information (e-book Cross-Platform Prep Course only)
020 ## - INTERNATIONAL STANDARD BOOK NUMBER
Canceled/invalid ISBN 1264455133
Qualifying information (e-book Cross-Platform Prep Course only)
035 ## - SYSTEM CONTROL NUMBER
System control number (OCoLC)on1338686664
040 ## - CATALOGING SOURCE
Original cataloging agency UKMGB
Language of cataloging eng
Transcribing agency UKMGB
Description conventions rda
Modifying agency OCLCF
-- TXG
-- B@L
-- OQX
-- YDX
-- BDX
-- JQW
-- UKMGB
-- DLC
-- DLC
-- CSPC
042 ## - AUTHENTICATION CODE
Authentication code lccopycat
050 00 - LIBRARY OF CONGRESS CALL NUMBER
Classification number GE76
Item number .M29 2022
082 04 - DEWEY DECIMAL CLASSIFICATION NUMBER
Classification number 363.70076
Edition number 23
Item number M452a
100 1# - MAIN ENTRY--PERSONAL NAME
Personal name Mayer, Courtney,
Relator term author.
245 10 - TITLE STATEMENT
Title AP Environmental science 2023 /
Statement of responsibility, etc. Courtney Mayer.
246 3# - VARYING FORM OF TITLE
Title proper/short title Advanced Placement Environmental science, 2023
264 #1 - PRODUCTION, PUBLICATION, DISTRIBUTION, MANUFACTURE, AND COPYRIGHT NOTICE
Place of production, publication, distribution, manufacture New York :
Name of producer, publisher, distributor, manufacturer McGraw Hill,
Date of production, publication, distribution, manufacture, or copyright notice 2022.
300 ## - PHYSICAL DESCRIPTION
Extent xvi, 236 pages, 16 pages :
Other physical details illustrations, tables ;
Dimensions 28 cm.
336 ## - CONTENT TYPE
Content type term text
Content type code txt
Source rdacontent
337 ## - MEDIA TYPE
Media type term unmediated
Media type code n
Source rdamedia
338 ## - CARRIER TYPE
Carrier type term volume
Carrier type code nc
Source rdacarrier
490 0# - SERIES STATEMENT
Series statement 5 steps to a 5
490 0# - SERIES STATEMENT
Series statement AP exam guides
500 ## - GENERAL NOTE
General note Includes 3 practice exams (in the book and online)
505 0# - FORMATTED CONTENTS NOTE
Formatted contents note Set up your study plan -- What you need to know about the AP environmental science exam -- How to plan your time -- Determine your test readiness -- Take a diagnostic exam -- Develop strategies for success -- How to approach each question type -- Review the knowledge you need to score high -- The living world: ecosystems -- The living world: biodiversity -- Populations -- Earth systems and resources -- Land and water use -- Energy resources and consumption -- Atmospheric pollution -- Aquatic and terrestrial pollution -- Global change -- Building your test-taking confidence -- AP environmental science practice exam 1 -- AP environmental science practice exam 2.
650 #0 - SUBJECT ADDED ENTRY--TOPICAL TERM
Topical term or geographic name entry element Environmental sciences
Form subdivision Problems, exercises, etc.
650 #0 - SUBJECT ADDED ENTRY--TOPICAL TERM
Topical term or geographic name entry element Environmental sciences
General subdivision Examinations
Form subdivision Study guides.
650 #7 - SUBJECT ADDED ENTRY--TOPICAL TERM
Topical term or geographic name entry element Environmental sciences.
Source of heading or term fast
Authority record control number or standard number (OCoLC)fst00913474
655 #7 - INDEX TERM--GENRE/FORM
Genre/form data or focus term Problems and exercises.
Source of term fast
Authority record control number or standard number (OCoLC)fst01423783
655 #7 - INDEX TERM--GENRE/FORM
Genre/form data or focus term Study guides.
Source of term fast
Authority record control number or standard number (OCoLC)fst01423888
655 #7 - INDEX TERM--GENRE/FORM
Genre/form data or focus term Examinations.
Source of term lcgft
655 #7 - INDEX TERM--GENRE/FORM
Genre/form data or focus term Study guides.
Source of term lcgft
906 ## - LOCAL DATA ELEMENT F, LDF (RLIN)
a 7
b cbc
c copycat
d 2
e ncip
f 20
g y-gencatlg
942 ## - ADDED ENTRY ELEMENTS (KOHA)
Source of classification or shelving scheme Dewey Decimal Classification
Koha item type Books
Edition 23
Classification part 363.70076
Item part M452a
Call number prefix CIR
Call number suffix 2022
Suppress in OPAC No
Holdings
Withdrawn status Lost status Source of classification or shelving scheme Damaged status Not for loan Home library Current library Shelving location Date acquired Total Checkouts Full call number Barcode Date last seen Copy number Price effective from Koha item type
    Dewey Decimal Classification     Main Library Main Library Circulation Section 10/21/2024   CIR 363.70076 M452a 2022 028476 10/21/2024 1-2 10/21/2024 Books
    Dewey Decimal Classification     Main Library Main Library Circulation Section 11/21/2024   CIR 363.70076 M452a 2022 028485 11/21/2024 2-2 11/21/2024 Books